000 01135nam a2200217Ia 4500
003 Ost
005 20260507075648.0
008 260507s9999||||xx |||||||||||||| ||und||
040 _cfsecg
041 _aara
082 _a658.56
100 _aالفضل، مؤيد عبد الحسين
_eمؤلف
245 0 _aإدارة الجودة الشاملة من المستهلك إلى المستهلك :
_bمنهج كمي /
_c مؤيد عبد الحسين الفضل
260 _aعمان:
_bمؤسسة الوراق للنشر والتوزيع,
_c2004
300 _a442 صفحة؛
_bإيضاحات ؛
_c24 سم
520 _aمفهوم وتطور الجودة وقيامها في منظمات الاعمال- أدوات تحسين الجودة والسيطرة على النوعية- المستهلك والجودة- أنظمة إدارة الجودة- إدارة الجودة الشاملة- أخلاقيات وثقافة الجودة وإدارة الجودة الشاملة.
653 _aإدارة الأعمال
653 _aالجودة
700 _aالطائي، يوسف حجيم
_eمؤلف ثانوي
942 _cكتاب
999 _c45531
_d45531